|
|
|
|
| LEADER |
00740cam a2200205 7i4500 |
| 001 |
0000005601 |
| 005 |
20170218090000.0 |
| 020 |
|
|
|a 9780890069080
|
| 020 |
|
|
|a 0890069085 (hbk.)
|
| 090 |
0 |
0 |
|a TK7876
|b .L38 1998
|
| 100 |
1 |
|
|a Laverghetta, Thomas S
|
| 245 |
1 |
0 |
|a Microwaves and wireless simplified
|c Thomas S. Laverghetta.
|
| 260 |
|
|
|a Boston:
|b Artech House,
|c 1998.
|
| 300 |
|
|
|a ix, 222 p.:
|b ill.;
|c 24 cm.
|
| 490 |
0 |
|
|a The Artech House microwave library
|
| 504 |
|
|
|a Includes bibliographical references and index
|
| 650 |
0 |
0 |
|a Microwave communication systems
|
| 650 |
0 |
0 |
|a Microwave devices
|
| 997 |
|
|
|a Communication, Visual Art & Computing, Faculty
|b Computing, Department
|
| 999 |
|
|
|a 0000005610
|b BOK
|c OPEN SHELF
|e 1st Floor, Bestari Jaya
|